Environmentálne aspekty a hľadiská potenciálu rozvoja územia podmieňujúce tvorbu systémov makrologistiky
Environmentálne aspekty (stav životného prostredia), ktoré podmieňujú a mali by ovplyvňovať rozhodnutia o tvorbe / budovaní systémov fungujúcej makrologistiky v rámci Slovenska.
Guardado en:
| Autor principal: | |
|---|---|
| Formato: | Capítulo de libro |
| Lenguaje: | eslovaco |
| Materias: | |
| Etiquetas: |
Sin Etiquetas, Sea el primero en etiquetar este registro!
|
MARC
| LEADER | 00000naa$a2200000$$$4500 | ||
|---|---|---|---|
| 001 | 0081861 | ||
| 005 | 20240502071923.2 | ||
| 041 | 0 | |a slo | |
| 044 | |a SK | ||
| 245 | 1 | 0 | |a Environmentálne aspekty a hľadiská potenciálu rozvoja územia podmieňujúce tvorbu systémov makrologistiky |c Milan Oreský |
| 520 | |a Environmentálne aspekty (stav životného prostredia), ktoré podmieňujú a mali by ovplyvňovať rozhodnutia o tvorbe / budovaní systémov fungujúcej makrologistiky v rámci Slovenska. | ||
| 610 | 2 | 0 | |a makrologistika |
| 610 | 2 | 0 | |a rozvoj územný |
| 610 | 2 | 0 | |a rozvoj regionálny |
| 610 | 2 | 0 | |a prostredie životné |
| 610 | 2 | 0 | |a znečistenie prostredia životného |
| 610 | 2 | 0 | |a Slovensko |
| 100 | 1 | |a Oreský, Milan, 1956- | |